00565nam a2200181Ia 4500008004100000020001800041050000900059050001600068100002100084245002500105245005300130260001200183260000900195300001500204440002800219999001900247952011700266170203s9999 xx 000 0 und d a9780746077207 aFic  b.C877g 2006 aCox, Phil Roxbee aGoose on the Loose / cPhil Roxbee Cox, illustrator, Stephen Cartwright bUsborne c2006 a16 pages ; aUsborne Phonics Readers c306021d306021 001040aSSISBbSSISBcGS FICTIONd2017-02-03l0oFic .C877g 2006pLS -4218r2017-02-03 00:00:00w2017-02-03yBK